书目信息 |
| 题名: |
商务写作
|
|
| 作者: | 郭小红 , 高春玲 编著 | |
| 分册: | ||
| 出版信息: | 西安 西北大学出版社 2002.08 |
|
| 页数: | 391页 | |
| 开本: | 21cm | |
| 丛书名: | ||
| 单 册: | ||
| 中图分类: | H152.3 | |
| 科图分类: | ||
| 主题词: | 商务--汉语--应用文--写作--教材 | |
| 电子资源: | ||
| ISBN: | 7-5604-1719-1 | |
| 000 | 00917 nam 000265 | |
| 001 | 012004010810 | |
| 005 | 20050820024437.09 | |
| 010 | @a7-5604-1719-1@dCNY26.00 | |
| 100 | @a20040930d2002 em y0chiy0121 ea | |
| 101 | 0 | @achi |
| 102 | @aCN@b610000 | |
| 105 | @ay z 000yy | |
| 200 | 1 | @a商务写作@Ashang wu xie zuo@f郭小红, 高春玲编著@Fguo xiao hong,gao chun ling bian zhu |
| 210 | @a西安@c西北大学出版社@d2002.08 | |
| 215 | @a391页@d21cm@e光盘1片 | |
| 300 | @a现代文体写作教程 | |
| 330 | @a本书介绍了商务写作的技巧,商务报告、商务说明文书、招标投标文书、企业管理文书、商务谈判文书、审计和税务文书等各种商务常用文书的写作方法。 | |
| 510 | 1 | @aCommerce writing@zeng |
| 540 | @a商务写作 | |
| 606 | 0 | @a商务@x汉语@x应用文@x写作@j教材 |
| 690 | @aH152.3@v4 | |
| 701 | 0 | @a郭小红@Aguo xiao hong@4编著 |
| 701 | 0 | @a高春玲@Agao chun ling@4编著 |
| 801 | 0 | @aCN@bRULIN@c20050820 |
| 905 | @a10447@dH152.3@eG852 | |
| 商务写作/郭小红, 高春玲编著.-西安:西北大学出版社,2002.08 |
| 391页;21cm+光盘1片 |
| 现代文体写作教程 |
| ISBN 7-5604-1719-1:CNY26.00 |
| 本书介绍了商务写作的技巧,商务报告、商务说明文书、招标投标文书、企业管理文书、商务谈判文书、审计和税务文书等各种商务常用文书的写作方法。 |
| ● |
| 相关链接 |
|
|
|
正题名:商务写作
索取号:H152.3/G852
 
预约/预借
| 序号 | 登录号 | 条形码 | 馆藏地/架位号 | 状态 | 备注 |
| 1 | 561966 | 205619669 | 语言库209/209语言库 74排4列2层/ [索取号:H152.3/G852] | 在馆 | |
| 2 | 561967 | 205619678 | 语言库209/209语言库 74排4列2层/ [索取号:H152.3/G852] | 在馆 | |
| 3 | 561968 | 205619687 | 语言库209/209语言库 74排4列2层/ [索取号:H152.3/G852] | 在馆 |